00497nam a22001697a 450000500170000001000150001702000260003203500140005803700190007203700090009108200100010010000180011024500800012826000340020827000640024230000210030620241224124334.0 aENG-142260 c425.00a9789393734945 aEN-125792 bExceller Books bDBAD a158.4 aBusari, Wale  aThe Prosperity: bWork Less, Think Hard Find Your Passion/cby Wale Busari  aKolkatabExceller Booksc2024 aG1 Dream Apartment, Degree College Roadb Belgharia,Kolkata a258p. c21cm(pb)